MARC

LEADER 00000nam0a2200000 4500
001 307438
005 20231102002008.0
035 |a (RuTPU)RU\TPU\book\332731 
090 |a 307438 
100 |a 20151020d1983 k y0rusy50 ca 
101 0 |a rus 
102 |a RU 
105 |a a g 001zy 
200 1 |a Опорные разрезы пограничных отложений силура и девона Приполярного Урала  |e путеводитель полевого семинара  |f Академия наук СССР (АН СССР), Коми филиал, Институт геологии (ИГ) ; под ред. В. С. Цыганко 
210 |a Сыктывкар  |c Изд-во Коми филиал АН СССР  |d 1983 
215 |a 104 с.  |c ил.  |e табл. карты 
320 |a Библиогр.: с. 80-82 
606 1 |a Силурийские отложения  |2 stltpush  |3 (RuTPU)RU\TPU\subj\54813  |9 72894 
606 1 |a Девонские отложения  |2 stltpush  |3 (RuTPU)RU\TPU\subj\9844  |9 37007 
610 1 |a пограничные отложения 
610 1 |a опорные разрезы 
610 1 |a путеводители 
610 1 |a полевые семинары 
610 1 |a Приполярный Урал 
610 1 |a палеонтология 
610 1 |a литология 
610 1 |a горизонты 
610 1 |a расчленение 
610 1 |a биостратиграфическое расчленение 
675 |a 551.733.3(08)  |v 4 
675 |a 551.734(08)  |v 4 
702 1 |a Цыганко  |b В. С.  |4 340 
712 0 2 |a Академия наук СССР (АН СССР)  |b Коми филиал  |b Институт геологии (ИГ)  |c (Сыктывкар)  |c (1958-1987)  |2 stltpush  |3 (RuTPU)RU\TPU\col\11375 
801 1 |a RU  |b 63413507  |c 20151020 
801 2 |a RU  |b 63413507  |c 20160712  |g RCR 
942 |c BK